دراسة لعقائد الكنيسة القبطية الأرثوذكية من خلال الانجيل المقدس
محفوظ في:
المؤلف الرئيسي:
التنسيق: كتاب
اللغة: Undetermined
منشور في:
Miṣr
Maktabat alkarwz
1975
الوسوم: إضافة وسم
لا توجد وسوم, كن أول من يضع وسما على هذه التسجيلة!
رقم الطلب: O30 MASI
| LEADER | 00462nam a2200121Ia 4500 | ||
|---|---|---|---|
| 008 | 240404s9999||||xx |||||||||||||| ||und|| | ||
| 050 | 4 | |a O30 MASI | |
| 100 | 1 | |a القمص بيشوى عبد المسيح. | |
| 245 | 1 | 0 | |a دراسة لعقائد الكنيسة القبطية الأرثوذكية من خلال الانجيل المقدس |c القمص بيشوى عبد المسيح |
| 264 | 1 | |a Miṣr |b Maktabat alkarwz |c 1975 | |
| 300 | |a 87 |c 21 | ||
| 942 | |2 lcc |c BK | ||
| 999 | |c 58133 |d 58133 | ||
